000 00393nam a22001697a 4500
999 _c11002
_d11002
003 OSt
008 210814b ||||| |||| 00| 0 eng d
020 _a9789374734650
082 _a344.01
_bSAI
100 G _aSASANE, Anil P.
245 _aIndustrial and Labour Laws
250 _aEd
260 _aDelhi
_bAITBS Pub. India
_c2011
300 _a470
650 _aManagement
942 _2ddc
_cBK